[Event "Gelendzhik op"]
[Site "Gelendzhik"]
[Date "2015.01.08"]
[Round "5"]
[White "Pedashenko, Anastasia"]
[Black "Karabet, Evgeniu"]
[Result "1-0"]
[WhiteElo "2085"]
[BlackElo "1641"]
[PlyCount "100"]
[EventDate "2015.01.04"]
[EventType "swiss"]
[EventRounds "9"]
[EventCountry "RUS"]
[SourceTitle "CBM 164 Extra"]
[Source "ChessBase"]
[SourceDate "2015.03.02"]
[SourceVersion "1"]
[SourceVersionDate "2015.03.02"]
[SourceQuality "1"]

1. e4 e6 2. d4 d5 3. exd5 exd5 4. Nc3 Nf6 5. Bg5 Be6 6. Nf3 Be7 7. Bd3 Nc6 8. Qd2 Nb4 9. Bb5+ c6 10. Be2 Bf5 11. Rc1 Ne4 12. Nxe4 Bxe4 13. Bxe7 Qxe7 14. 0-0 Bxf3 15. Bxf3 0-0 16. Rfe1 Qd6 17. c3 Na6 18. Re5 Rfe8 19. Rce1 Nc7 20. Bd1 Rxe5 21. Rxe5 f6 22. Re1 Re8 23. Bg4 Rxe1+ 24. Qxe1 Kf7 25. g3 Qe7 26. Qd2 Qe4 27. Bc8 b6 28. Bd7 Ne6 29. Qe3 Qxe3 30. fxe3 c5 31. Bc6 Nc7 32. dxc5 bxc5 33. e4 Ke6 34. exd5+ Nxd5 35. Kf2 Ke5 36. Bxd5 Kxd5 37. b3 Ke4 38. Ke2 h5 39. a3 h4 40. b4 hxg3 41. hxg3 cxb4 42. axb4 g6 43. c4 Kd4 44. c5 Kd5 45. Kd3 a6 46. Ke3 a5 47. bxa5 Kxc5 48. Ke4 Kb5 49. Kd5 Kxa5 50. Ke6 Kb6 1-0

[Event "RUS-ch U16 Girls"]
[Site "Dagomys"]
[Date "2004.04.??"]
[Round "8"]
[White "Demerzhan, Lyudmila"]
[Black "Pedashenko, Anastasia"]
[Result "0-1"]
[WhiteElo "1996"]
[BlackElo "2145"]
[PlyCount "60"]
[EventDate "2004.04.??"]
[EventType "swiss"]
[EventRounds "10"]
[EventCountry "RUS"]
[SourceTitle "EXT 2005"]
[Source "ChessBase"]
[SourceDate "2004.11.15"]
[SourceVersion "1"]
[SourceVersionDate "2004.11.15"]
[SourceQuality "1"]

1. d4 Nf6 2. c4 e6 3. Nf3 b6 4. Nc3 Bb7 5. e3 Bb4 6. Be2 0-0 7. 0-0 c5 8. Qb3 Nc6 9. Nb5 cxd4 10. a3 Be7 11. exd4 d5 12. cxd5 Nxd5 13. Nc3 Na5 14. Qc2 Rc8 15. Bd2 Nc4 16. Nxd5 Bxd5 17. Bc3 Bf6 18. Rfd1 Qc7 19. Bb4 Rfd8 20. Rac1 Qb7 21. Qb1 a5 22. Bc3 Rc7 23. Bxc4 Bxf3 24. gxf3 Rxc4 25. Qd3 Rcc8 26. Qe4 Rd5 27. Kh1 Qb8 28. Rg1 Rcd8 29. Rcd1 Rh5 30. Rg2 Rh4 0-1